000 00323nam a22000977a 4500
100 _aजैन,प्रभाकिरण
_979486
245 _aचाणक्‍य
260 _aदिल्‍ली
_bभारतीय ज्ञानपीठ
_c2017
650 _aचिल्‍ड्रन बुक
_9159
942 _cHIN
999 _c63136
_d63136